000 00667 a2200229 4500
003 OSt
005 20180116192354.0
008 120601t xxu||||| |||| 00| 0 eng d
010 _a 97145948
020 _a1856690814 :
040 _c0
082 _a747.5
100 1 _aPurdon, Nicholas.
_93199
245 1 0 _aCarpet and textile patterns /
_cNicholas Purdon.
260 _aLondon :
_bLaurence King Publishers,
_c1996.
300 _a144 p. :
_bill. ;
_c28 cm.
650 1 0 _aTextile fabrics
_93200
650 1 0 _aCarpets
_93201
650 1 0 _aWeaving
_93202
942 _aSADA
_cBK
_k747.5 PUR 1996
_2ddc
999 _c353046
_d353046